[Event "Brasschaat op 07th"]
[Site "Brasschaat"]
[Date "2007.08.23"]
[Round "6"]
[White "Decrop, Ruben"]
[Black "Van Vliet, Dennis"]
[Result "0-1"]
[WhiteElo "2098"]
[BlackElo "2085"]
[PlyCount "42"]
[EventDate "2007.08.18"]
[EventType "swiss"]
[EventRounds "9"]
[EventCountry "BEL"]
[SourceTitle "CBM 120 Extra"]
[Source "ChessBase"]
[SourceDate "2007.11.01"]
[SourceVersion "1"]
[SourceVersionDate "2007.11.01"]
[SourceQuality "1"]

1. e4 e6 2. d4 d5 3. Nd2 Nf6 4. e5 Nfd7 5. Bd3 c5 6. c3 Nc6 7. Ne2 cxd4 8. cxd4 f6 9. Nf4 Nxd4 10. Qh5+ Ke7 11. exf6+ Nxf6 12. Ng6+ hxg6 13. Qxh8 Kf7 14. 0-0 e5 15. Nf3 Nxf3+ 16. gxf3 e4 17. fxe4 Nh5 18. Be3 Qh4 19. f3 Bh3 20. e5 Bc5 21. Qxa8 Qg5+ 0-1

[Event "Vlissingen HZ op 08th"]
[Site "Vlissingen"]
[Date "2004.08.11"]
[Round "6"]
[White "Decrop, Ruben"]
[Black "Gather, Juergen"]
[Result "0-1"]
[WhiteElo "1995"]
[BlackElo "2195"]
[PlyCount "69"]
[EventDate "2004.08.07"]
[EventType "swiss"]
[EventRounds "9"]
[EventCountry "NED"]
[SourceTitle "CBM 101 Extra"]
[Source "ChessBase"]
[SourceDate "2004.09.01"]
[SourceVersion "2"]
[SourceVersionDate "2004.09.01"]
[SourceQuality "1"]

1. e4 Nf6 2. Nc3 d6 3. d4 g6 4. f4 Bg7 5. Nf3 c5 6. dxc5 Qa5 7. Bd3 Qxc5 8. Qe2 Bg4 9. Be3 Qa5 10. 0-0 0-0 11. Nb5 a6 12. b4 Qd8 13. Nbd4 Nc6 14. c3 Rc8 15. Rac1 Nh5 16. Qd2 Nxd4 17. Bxd4 e5 18. fxe5 Bxf3 19. Rxf3 Bxe5 20. Bxe5 dxe5 21. g3 Qb6+ 22. Qf2 Qxf2+ 23. Kxf2 Kg7 24. Ke3 Rfd8 25. c4 Rd4 26. g4 Nf6 27. h3 Rcd8 28. Bb1 Ne8 29. a3 Nc7 30. Rcf1 R8d7 31. c5 Ne6 32. Kf2 Nf4 33. Kg1 f6 34. h4 h6 35. Rc3 0-1

[Event "Vlissingen HZ op 08th"]
[Site "Vlissingen"]
[Date "2004.08.09"]
[Round "4"]
[White "Decrop, Ruben"]
[Black "Overeem, Marc"]
[Result "0-1"]
[WhiteElo "1995"]
[BlackElo "2159"]
[PlyCount "86"]
[EventDate "2004.08.07"]
[EventType "swiss"]
[EventRounds "9"]
[EventCountry "NED"]
[SourceTitle "CBM 101 Extra"]
[Source "ChessBase"]
[SourceDate "2004.09.01"]
[SourceVersion "2"]
[SourceVersionDate "2004.09.01"]
[SourceQuality "1"]

1. e4 c5 2. Nf3 d6 3. d4 cxd4 4. Nxd4 Nf6 5. Nc3 Nc6 6. Bc4 e6 7. 0-0 a6 8. Bb3 Qc7 9. Kh1 Na5 10. Ba4+ Bd7 11. Bxd7+ Qxd7 12. b3 Be7 13. f4 Rc8 14. Bb2 0-0 15. Qf3 Nc6 16. Rad1 Nxd4 17. Rxd4 Qc7 18. Rf2 b5 19. b4 Qb6 20. Rd3 Rc4 21. a3 Qc6 22. Re2 Rc8 23. f5 e5 24. g4 g6 25. h4 Qb7 26. Qg2 gxf5 27. gxf5+ Kh8 28. Rg3 Nh5 29. Rg4 Nf6 30. Rg7 Bf8 31. Rg3 Bh6 32. Qf3 Rg8 33. Rxg8+ Kxg8 34. Qd3 Qc6 35. Kh2 Bf4+ 36. Kh3 Kf8 37. a4 bxa4 38. b5 Qc5 39. bxa6 a3 40. a7 Qxa7 41. Qxd6+ Ke8 42. Nb5 axb2 43. Re1 b1Q 0-1